| 000 | 01038nas a2200361 4500 | ||
|---|---|---|---|
| 001 | BR0504111 | ||
| 003 | BR-BrBNA | ||
| 005 | 20231205105533.0 | ||
| 007 | ta | ||
| 008 | 230509b bl.|||p| |||| 00| 00por d | ||
| 040 |
_aBR-BrBNA _bpor _cBiblioteca Nacional de Agricultura |
||
| 041 | _a(Pt) | ||
| 072 | _aJ11 | ||
| 100 | 1 | _aAlmeida, R.F. de | |
| 100 | 1 | _aResende, E.D. de | |
| 100 | 1 | _aVitorazi, L. | |
| 100 | 1 | _aCarlos, L. de A. | |
| 100 | 1 | _aPinto, L.K. de A. | |
| 100 | 1 | _aSilva, H.R.F. da | |
| 100 | 1 | _aMartins, M.L.L. | |
| 245 | 1 | _aInjúria pelo frio em frutos de mamoeiro (Carica papaya L.)cv 'Golden' | |
| 650 | _aMAMÃO | ||
| 650 | _aARMAZENAMENTO | ||
| 650 | _aDANO | ||
| 650 | _aFRIO | ||
| 650 | _aEMBALAGEM | ||
| 650 | _aREFRIGERAÇÃO | ||
| 650 | _aPROPRIEDADE FÍSICO-QUÍMICA | ||
| 650 | _aESPÍRITO SANTO | ||
| 773 | 0 |
_tRevista Brasileira de Fruticultura (Brazil) _xISSN 0100-2945 _g(Apr 2005), v. 27(1) p. 17-20 _wBR0504111 |
|
| 909 |
_a202311 _bLúcia _c55 _dLúcia Elande |
||
| 942 |
_2AGRIS _n0 _cANA |
||
| 999 |
_c183452 _d183452 |
||